Natació educativa : jocs i exercicis educatius en el medi aquàtic jocs i exercicis educatius en el medi aquàtic
Descripción Física:
58 p. : il. col. ; 23 cm + 1 CD-ROM
MARC
| LEADER | 00000nam a2200000Ia 4500 | ||
|---|---|---|---|
| 001 | 15378 | ||
| 008 | 160829s2003 xx 000 0 cat d | ||
| 080 | |a P-1-43 | ||
| 245 | |a Natació educativa : |b jocs i exercicis educatius en el medi aquàtic | ||
| 250 | |a Ed. no venal | ||
| 260 | |a [Barcelona] : |b Diputació de Barcelona, Xarxa de Municipis, Àrea d'Esports, |c 2003 | ||
| 300 | |a 58 p. : |b il. col. ; |c 23 cm + 1 CD-ROM | ||
| 590 | |a Material elaborat per tècnics de diferents entitats esportives i tècnics de l'Àrea d'Esports de l'Ajuntament de l'Hospitalet de Llobregat. | ||
| 590 | |a Presentació en carpeta d'anelles | ||
| 650 | |a Natació |x Ensenyament |9 35733 | ||
| 650 | |a Exercicis aquàtics |9 28053 | ||
| 710 | |a Barcelona (Catalunya : Província). |b Àrea d'Esports |9 53827 | ||
| 710 | 1 | |a Hospitalet de Llobregat (Catalunya). |b Àrea d'Esports |9 55528 | |
| 901 | |a Arxiu | ||
| 942 | |n 1 | ||
| 952 | |0 0 |1 0 |4 0 |6 P143 |7 1 |9 44647 |a Arxiu |b Arxiu |d 2016-12-01 |l 0 |o P-1-43 |p 15378 |r 2016-12-01 00:00:00 |w 2016-12-01 |y ARXIU | ||
| 999 | |c 47228 |d 47228 | ||